Name every US state without a National Park - Statistics

General Stats
  • This quiz has been taken 39 times
  • The average score is 18 of 20
Answer Stats
States % Correct
Alabama
100%
Illinois
100%
Connecticut
95%
Georgia
95%
Iowa
95%
Massachusetts
95%
New Hampshire
95%
New York
95%
Rhode Island
95%
Vermont
95%
Kansas
90%
Mississippi
90%
Nebraska
90%
New Jersey
90%
Oklahoma
90%
Pennsylvania
90%
Delaware
86%
Louisiana
86%
Wisconsin
81%
Maryland
76%
No matching quizzes found
Score Distribution
Percent of People with Each Score
Percentile by Number Answered
Your Score History
You have not taken this quiz